| 000 | 01188cam a22001934a 4500 | ||
|---|---|---|---|
| 005 | 20250605164053.0 | ||
| 008 | 250528s ||||||||||||||||||||||||d | ||
| 035 | _a17364 | ||
| 020 | _a471963097 | ||
| 040 |
_aGR-AtMCL _bgre _dGR-AtMCL _eAACR2 |
||
| 245 | 1 | _aThe Tourist Image / Myths and Myth Making in Tourism | |
| 260 |
_bJohn Wiley & Sons, Ltd, _c1996 |
||
| 300 | _a276 | ||
| 520 | _aAn anthropological perspective to the study of tourist mythologies. Acknowledgements, Introduction, Genuine Fakes, Looking for Shangri-la: From Hilton to Lamichhane, The People of Tourist Brochures, Passion and Power and Politics in a Palestinian Tourist Market, Ritual and Tourism and Cultural Commoditization in Malta: Culture by the Pound?, Tourism and the Politics of Authenticity in a North Cotswold Town, Atmospheric Notes from the Fields: Reflections on Myth-Collecting Tours, The Tourist as Deity: Ancient Continuities in Modern Japan, Place and Image and Power: Brighton as a Resort, Postcards: Greetings from Another World, The Museum of the Jewish Diaspora Tells a Story, Bibliography, Index. | ||
| 700 | 1 |
_aSelwyn Tom _93516 |
|
| 942 | _cBK | ||
| 999 |
_c2788 _d2788 |
||